Biggest US States (by Perimeter) bordering each other - Statistics

General Stats
  • This quiz has been taken 32 times
  • The average score is 11 of 13
Answer Stats
State % Correct
Texas
100%
California
92%
Florida
88%
Georgia
88%
Alabama
83%
Louisiana
83%
Mississippi
83%
Washington
83%
North Carolina
79%
Oregon
79%
South Carolina
79%
Virginia
75%
Maryland
67%
No matching quizzes found
Score Distribution
Percent of People with Each Score
Percentile by Number Answered
Your Score History
You have not taken this quiz